Detalles MARC
| 000 -LÍDER |
| Campo fijo de descripción fija |
01493nam a2200337 i 4500 |
| 001 - NÚMERO DE CONTROL |
| Campo de control |
768714001 |
| 003 - IDENTIFICADOR DEL NÚMERO DE CONTROL |
| Campo de control |
CO-MdFUSB |
| 005 - FECHA Y HORA DE LA ULTIMA TRANSACCIÓN |
| control field |
20200519205044.0 |
| 007 - CAMPO FIJO DE DESCRIPCIÓN FIJA--INFORMACIÓN GENERAL |
| Campo fijo de descripción fija |
ta |
| 008 - ELEMENTOS DE LONGITUD FIJA -- INFORMACIÓN GENERAL |
| Campo fijo de descripción fija -- Información general |
200325t2000 mau |||| |||| 00| 0 eng d |
| 020 ## - NÚMERO INTERNACIONAL NORMALIZADO PARA LIBROS |
| Número Internacional Normalizado del libro |
9781565630956 |
| 040 ## - FUENTE DE CATALOGACIÓN |
| Agencia de catalogación original |
CO-MdFUSB |
| Idioma de catalogación |
spa |
| Agencia que realiza la transcripción |
CO-MdFUSB |
| Agencia que realiza la modificación |
CO-MdFUSBC |
| Convenciones de la descripción |
rda |
| 041 ## - CÓDIGO DE IDIOMA |
| Código de idioma para texto/pista de sonido o título separado |
eng |
| 082 ## - NÚMERO DE CLASIFICACIÓN DECIMAL DEWEY |
| Número de la edición del Dewey |
23 |
| Número de clasificación |
270.10922 |
| Clave de autor-Numero de item |
C194 |
| 100 ## - ASIENTO PRINCIPAL--NOMBRE PERSONAL |
| Nombre personal |
Campenhausen, Hans von. |
| Término relacionador |
autor |
| 245 #4 - TÍTULO |
| Título del Material |
The Fathers of the Church |
| Mención de responsabilidad, etc. |
/ Hans von Campenhausen |
| 264 #1 - PRODUCCIÓN, PUBLICACIÓN, DISTRIBUCIÓN, MANUFACTURA, Y COPYRIGHT |
| Lugar de producción, publicación, distribución, manufactura |
Massachusetts : |
| Nombre del productor, publicador, distribuidor |
Hendrickson Publishers, |
| Fecha de producción, publicación, distribución, manufactura, o copyright |
[2000] |
| 264 #4 - PRODUCCIÓN, PUBLICACIÓN, DISTRIBUCIÓN, MANUFACTURA, Y COPYRIGHT |
| Fecha de producción, publicación, distribución, manufactura, o copyright |
© 2000 |
| 300 ## - DESCRIPCIÓN FÍSICA |
| Extensión |
328 páginas |
| Dimensiones |
; 24 cm |
| 336 ## - TIPO DE CONTENIDO |
| Fuente |
rdacontent |
| Término de tipo de contenido |
texto |
| Código de tipo de contenido |
txt |
| 337 ## - TIPO DE MEDIO |
| Fuente |
rdamedia |
| Nombre del tipo de medio |
sin mediación |
| Código del tipo de medio |
n |
| 338 ## - TIPO DE SOPORTE |
| Fuente |
rdacarrier |
| Nombre del tipo de soporte |
volumen |
| Código Tipo de soporte |
nc |
| 500 ## - NOTA GENERAL |
| Nota General |
Colección Dawn Christina Harrell |
| 505 ## - NOTA DE CONTENIDO |
| Nota de contenido con formato preestablecido |
Los padres de la Iglesia griega. -- Patrística y los padres de la iglesia. -- Justino. -- Ireneo. -- Clemente de Alejandría. -- Orígenes -<br/>Eusebio de Cesarea. -- Atanasio. -- Basilio el Grande. -- Gregorio de Nazianzus. -- Gregorio de Nisa. -- Sinesio de Cirene. -- Juan Crisóstomo. -- Cirilo de Alejandría. -- El fin de la era de los padres griegos. -- Los padres de la Iglesia latina - Los padres de la iglesia latina y los griegos. -- Tertuliano. -- Cipriano. -- Lactantius. -- Ambrosio. -- Jerónimo. -- Agustín. -- Boecio. |
| 563 ## - NOTA DE ENCUADERNACIÓN |
| Nota de encuadernación |
Rùstico |
| 650 #0 - ASIENTO SECUNDARIO DE MATERIA - TERMINO TEMÁTICO |
| 9 (RLIN) |
1238 |
| Término temático o nombre geográfico como elemento de entrada |
Biografías cristianas |
| 650 #7 - ASIENTO SECUNDARIO DE MATERIA - TERMINO TEMÁTICO |
| 9 (RLIN) |
59 |
| Término temático o nombre geográfico como elemento de entrada |
Padres de la Iglesia |
| 942 ## - TIPO DE MATERIAL (KOHA) |
| Tipo de Item KOHA |
Libros General |
| 945 ## - INFORMACIÓN LOCAL DEL REGISTRO |
| Catalogador |
JTF-925 |